| 000 | 01661nam a2200313 i 4500 | ||
|---|---|---|---|
| 001 | 768714001 | ||
| 003 | CO-MdFUSB | ||
| 005 | 20240828081601.0 | ||
| 008 | 240221t2005 ec |||| |||| 00| 0dspa d | ||
| 020 | _a997891059x | ||
| 040 |
_aCO-MdFUSB _bspa _cCO-MdFUSB _dCO-MdFUSBC _erda |
||
| 041 | _aspa | ||
| 082 |
_223 _a278.07 _bG934 |
||
| 100 |
_aGuerrero Fariño, Freddy, _eautor |
||
| 245 | 1 |
_aNuevas formas de poder : _bmovimientos apostólicos y mesianismos "evangélicos" _c/ Freddy Guerrero Fariño , Yattenciy Bonilla Cerquera |
|
| 250 | _aNueva edición | ||
| 264 | 1 |
_bFLEREC, _aQuito, Ecuador : _c[2005] |
|
| 264 | 4 | _c©2005 | |
| 300 |
_a127 páginas _c; 15 cm |
||
| 336 |
_2rdacontent _atexto _btxt |
||
| 337 |
_2rdamedia _asin mediación _bn |
||
| 338 |
_2rdacarrier _avolumen _bnc |
||
| 505 |
_tPrimera parte: _aUna lectura de las tendencias eclesiales latinoamericanas. -- Lectura de la realidad latinoamericana desde la clave del "poder". -- Una nueva reforma eclesial la cuestión apostólica en el nuevo testamento. -- Perspectiva sobre la apostolicidad: iglesia y ministerio. -- Apuntes para una teología neotestamentaria de lo apostólico. -- Proposiciones teológicas-pastorales sobre el movimiento apostólico contemporáneo. _tSegunda parte: _a¿Qué es el movimiento mesiánico?. -- defensa de la fe en contra de las enseñanzas del mesianismo. -- Libertad en Cristo contra las tradiciones mesiánicas impuestas. -- Vigencia y desafíos del ministerio apostólico. |
||
| 563 | _aRústica | ||
| 650 | 7 |
_aIglesia y Estado _9288 |
|
| 700 |
_aBonilla Cerquera, Yattenciy, _99120 _eautor |
||
| 942 | _cBK | ||
| 945 | _aLuz Peña | ||
| 999 |
_c69309 _d69309 |
||